[Event "Moscow ACF Botvinnik Memorial"]
[Site "Moscow"]
[Date "2018.08.13"]
[Round "6.7"]
[White "Tologontegin, Semetey"]
[Black "Saryev, Azim"]
[Result "1-0"]
[WhiteElo "2419"]
[BlackElo "1586"]
[PlyCount "151"]
[EventDate "2018.08.10"]
[EventType "team-swiss"]
[EventRounds "7"]
[EventCountry "RUS"]
[SourceTitle "CBM 186 Extra"]
[Source "ChessBase"]
[SourceDate "2018.08.24"]
[SourceVersion "1"]
[SourceVersionDate "2018.08.24"]
[SourceQuality "1"]
[WhiteTeam "Kyrgyzstan"]
[BlackTeam "Turkmenistan"]
[WhiteTeamCountry "KGZ"]
[BlackTeamCountry "TKM"]

1. g3 d5 2. Bg2 Nf6 3. d3 c5 4. Nd2 e6 5. e4 Nc6 6. Ngf3 dxe4 7. dxe4 Be7 8. 0-0 0-0 9. c3 Qc7 10. Re1 e5 11. Qc2 h6 12. Nc4 Be6 13. Ne3 Rfd8 14. Bf1 Ng4 15. Nxg4 Bxg4 16. Nd2 Bg5 17. Nc4 Bxc1 18. Raxc1 Rd7 19. Ne3 Be6 20. Bb5 Rad8 21. Re2 Rd6 22. Bxc6 bxc6 23. b3 Qd7 24. Rce1 Kh7 25. f3 Rd2 26. Qc1 Qd3 27. Kf2 g6 28. Nf1 Rd1 29. Rxd1 Qxd1 30. Re1 Qxc1 31. Rxc1 a5 32. Ke3 Kg7 33. Nd2 Kf8 34. f4 exf4+ 35. gxf4 Ke7 36. Rf1 f6 37. Rg1 Kf7 38. Rg3 h5 39. h4 a4 40. Rg1 axb3 41. axb3 Rb8 42. Ra1 Rb7 43. Ra6 Bxb3 44. Rxc6 c4 45. e5 fxe5 46. fxe5 Re7 47. Kf4 Re6 48. Rc7+ Re7 49. Rc6 Re6 50. Rc5 Ra6 51. Rc7+ Ke6 52. Ne4 Ra1 53. Ng5+ Kd5 54. Rd7+ Kc6 55. Rd6+ Kb5 56. e6 Rf1+ 57. Nf3 Kc5 58. e7 Ba4 59. Rxg6 Be8 60. Rf6 Ra1 61. Rf8 Ra8 62. Nd4 Kd6 63. Nf5+ Kd7 64. Ng7 Kxe7 65. Rxe8+ Rxe8 66. Nxe8 Kxe8 67. Kg5 Ke7 68. Kxh5 Ke6 69. Kg4 Ke5 70. Kf3 Kf5 71. Ke3 Kg4 72. Kd4 Kxh4 73. Kxc4 Kg5 74. Kd5 Kf6 75. Kd6 Kf7 76. Kd7 1-0